00978nam a2200169Ia 4500008004100000020002800041041000800069050002200077100001600099245006200115260007100177300004000248505031100288650007300599952011900672999001700791230520s9999 xx 000 0 und d a97815247428741524742872 aeng aQP411 b.S47 2021 aSeth, Anil  0aBeing You : bA New Science of Consciousness /cAnil Seth aNew York : bDutton, an imprint of Penguin Random House LLC,c2021 a340 p. : bill. , charts ; c24 cm. aI: Level. The real problem -- Measuring consciousness -- Phi -- II: Content. Perceiving from the inside out -- The wizard of odds -- The beholder's share -- III: Self. Delirium -- Expect yourself -- Being a beast machine -- A fish in water -- Degrees of freedom -- IV: Other. Beyond human -- Machine minds. aConsciousness Physiological aspects.Neuropsychology.Self-perception. 00104070aGETSbGETSc GENd2023-05-20g21.87l0oQP411 .S47 2021p00030977r2023-05-20 00:00:00w2023-05-20yBK c44034d44034